Immigrants, markets, and states : the political economy of postwar Europe

Αποθηκεύτηκε σε:
Λεπτομέρειες βιβλιογραφικής εγγραφής
Κύριος συγγραφέας: Hollifield, James Frank 1954-
Μορφή: Βιβλίο
Γλώσσα:English
Δημοσίευση: Cambridge, Mass. : Harvard University Press, 1992
Θέματα:
Ετικέτες: Προσθήκη ετικέτας
Δεν υπάρχουν, Καταχωρήστε ετικέτα πρώτοι!

MARC

LEADER 00000cam a2200000 i 4500
001 1/32835
008 950731s1992 eng d
020 |a 067444423X 
035 |l 10023825 
040 |a GR-MY-UA  |b gre  |e aacr 
041 0 |a eng 
082 0 |a 304.8094 
100 1 |a Hollifield, James Frank  |d 1954- 
245 1 0 |a Immigrants, markets, and states :  |b the political economy of postwar Europe /  |c James F. Hollifield 
260 |a Cambridge, Mass. :   |b Harvard University Press,   |c 1992 
300 |a ix, 305 p.;  |c 24 cm 
504 |a Includes bibliographical references (p. 235-249) and index 
650 0 0 |a Alien labor  |z Europe. 
650 0 0 |a Alien labor  |x Government policy  |z Europe. 
651 0 |a Europe  |x Emigration and immigration. 
651 0 |a Europe  |x Emigration and immigration  |x Government policy. 
852 |a INST  |b CHIOS  |e 19950731  |h 304.8094 HOL  |p 005200004140  |q 005200004140  |t BK  |y 0 
909 |a Χ  |b 031317